SASAKI- INTERSECTION & CONVERGENE (Record no. 1161846)

MARC details
000 -LEADER
fixed length control field 00305nam a2200121Ia 4500
008 - FIXED-LENGTH DATA ELEMENTS--GENERAL INFORMATION
fixed length control field 240521s2015 xx 000 0 und d
020 ## - INTERNATIONAL STANDARD BOOK NUMBER
International Standard Book Number 978-0-9793801-5-0
041 ## - LANGUAGE CODE
Language code of text/sound track or separate title eng
100 ## - MAIN ENTRY--PERSONAL NAME
Personal name OSCAR RIERA OJEDA
245 ## - TITLE STATEMENT
Title SASAKI- INTERSECTION & CONVERGENE
260 ## - PUBLICATION, DISTRIBUTION, ETC.
Name of publisher, distributor, etc. GRABGE BOOKS
Date of publication, distribution, etc. 2015
300 ## - PHYSICAL DESCRIPTION
Extent 356

No items available.